Normal view MARC view
  • Lévi-Strauss, Claude,

Entry Nombre Personal

Number of records used in: 18

001 - NUMERO DE CONTROL

  • campo de control: 28948

003 - IDENTIFICADOR DE NUMERO DE CONTROL

  • campo de control: UPN

005 - FECHA Y HORA DE LA ÜLTIMA TRANSACCIÓN

  • campo de control: 20230509110411.0

008 - DATOS DE LONGITUD FIJA

  • campo de control de longitud fija: nabaccnnaabn|||||||||| b |nc|||||d

010 ## - NÚMERO DE CONTROL DE LA BIBLIOTECA DEL CONGRESO

  • Número de control LC: n 79011221

035 ## - NUMERO DE CONTROL

  • Número de control: (OCoLC)oca00245294

040 ## - FUENTE DE CATALOGACIÓN

  • Agencia original de catalogación: DLC
  • Lenguaje de catalogación: spa
  • Agencia de transcripción: DLC
  • Agencia que lo modifica: DLC
  • Agencia que lo modifica: OCoLC
  • Agencia que lo modifica: Uk
  • Agencia que lo modifica: UkCU
  • Agencia que lo modifica: OCoLC
  • Agencia que lo modifica: DLC
  • Agencia que lo modifica: AzPhBJB
  • Agencia que lo modifica: DLC
  • Agencia que lo modifica: IEN
  • Agencia que lo modifica: MoSU
  • Agencia que lo modifica: DLC
  • Agencia que lo modifica: MX-MxUPN

046 ## - FECHAS CON CODIFICACIÓN ESPECIAL

  • Fecha de nacimiento: 19081128
  • Fecha de muerte: 20091030

100 1# - ENCABEZAMIENTO - NOMBRE PERSONAL

  • Nombre personal: Lévi-Strauss, Claude,
  • Fechas asociadas con el nombre: 1908-2009

370 ## - LUGAR ASOCIADO

  • Associated country: Francia

372 ## - CAMPO DE ACTIVIDAD

  • Fuente del término: lcsh
  • Field of activity: Anthropología
  • Field of activity: Ethnología

373 ## - GRUPO ASOCIADO

  • Fuente del término: naf
  • Associated group: Collège de France

374 ## - OCUPACIÓN

  • Fuente del término: lcsh
  • Occupation: Antropólogo

375 ## - GÉNERO

  • Gender: masculino

377 ## - LENGUA ASOCIADA

  • Language code: fre

400 1# - VEÁSE - NOMBRE DE PERSONA

  • Personal name: Levi-Stros, Klod

400 1# - VEÁSE - NOMBRE DE PERSONA

  • Personal name: Strauss, Claude Lévi-

400 1# - VEÁSE - NOMBRE DE PERSONA

  • Personal name: Shtrāwus, Klūd Līvī

400 1# - VEÁSE - NOMBRE DE PERSONA

  • Personal name: Liwei- shituo, Kelaode

670 ## - FUENTE EN LA QUE SE LOCALIZARON DATOS

  • Cita de la fuente: T
  • Información localizada: Salvat universal

670 ## - FUENTE EN LA QUE SE LOCALIZARON DATOS

  • Cita de la fuente: En su obra: Les structures élémentaires, 1949.

670 ## - FUENTE EN LA QUE SE LOCALIZARON DATOS

  • Cita de la fuente: Cresswell, R. al-Qarābah wa-al-milkīyah al-ʻaqārīyah fī al-rīf al-Lubnānī, 1983:
  • Información localizada: portada (Klūd Līvī Shtrāwus)

670 ## - FUENTE EN LA QUE SE LOCALIZARON DATOS

  • Cita de la fuente: Sociologie et anthropologie, 1985, c1950:
  • Información localizada: portada (Claude Lévy-Strauss, prof., Collège de France)

670 ## - FUENTE EN LA QUE SE LOCALIZARON DATOS

  • Cita de la fuente: New York times WWW site, Nov. 4, 2009
  • Información localizada: (in obituary published Nov. 3: Claude Lévi-Strauss; b. Nov. 28, 1908, Belgium; d. Friday [Oct. 30, 2009], Paris, aged 100; French anthropologist who transformed Western understanding of what was once called "primitive man" and who towered over the French intellectual scene in the 1960s and ’70s)

670 ## - FUENTE EN LA QUE SE LOCALIZARON DATOS

  • Cita de la fuente: American anthropologist, Dec. 2010:
  • Información localizada: página 693 (Claude Gustave Lévi-Strauss; 1908-2009)

670 ## - FUENTE EN LA QUE SE LOCALIZARON DATOS

  • Cita de la fuente: Yue de ling yi mian, 2011:
  • Información localizada: portada (Kelaode Liwei- shituo)

680 ## - NOTA PUBLICA DE ACCESO PÚBLICO

  • Frase explicativa de la referencia: Etnólogo y filósofo francés de origen belga

902 ## - CATALOGADOR

  • Catalogador: DAA/200208

902 ## - CATALOGADOR

  • Catalogador: NDAF/090523